Govt. of
Madhya Pradesh

20 मॉक टेस्ट IBPS Bank PO?MT प्रारंभिक (Record no. 55624)

MARC details
000 -LEADER
fixed length control field 00485nam a22001577a 4500
003 - CONTROL NUMBER IDENTIFIER
control field macl
005 - DATE AND TIME OF LATEST TRANSACTION
control field 20161109171828.0
008 - FIXED-LENGTH DATA ELEMENTS--GENERAL INFORMATION
fixed length control field macl
040 ## - CATALOGING SOURCE
Transcribing agency macl
082 ## - DEWEY DECIMAL CLASSIFICATION NUMBER
Classification number 332
100 ## - MAIN ENTRY--PERSONAL NAME
Personal name कुन्दन के
9 (RLIN) 66187
245 ## - TITLE STATEMENT
Title 20 मॉक टेस्ट IBPS Bank PO?MT प्रारंभिक
260 ## - PUBLICATION, DISTRIBUTION, ETC. (IMPRINT)
Place of publication, distribution, etc. दिल्ली
Name of publisher, distributor, etc. बी एस सी. पब्लिशिंग क. प्रा. लि.
Date of publication, distribution, etc. 2015
650 ## - SUBJECT ADDED ENTRY--TOPICAL TERM
Topical term or geographic name as entry element बैंक
9 (RLIN) 66305
942 ## - ADDED ENTRY ELEMENTS (KOHA)
Source of classification or shelving scheme
Koha item type Hindi Books
Call number prefix 332

No items available.